Weakest teams at 2026 FIFA World Cup - Statistics

General Stats
  • This quiz has been taken 74 times
  • The average score is 17 of 20
Answer Stats
Rank Country % Correct
82 Curaçao
95%
85 New Zealand
94%
57 Iraq
91%
65 Bosnia and Herzegovina
89%
60 South Africa
88%
50 Uzbekistan
88%
33 Panama
86%
55 Qatar
86%
61 Saudi Arabia
86%
43 Scotland
86%
74 Ghana
85%
83 Haiti
85%
63 Jordan
85%
69 Cape Verde
83%
44 Tunisia
83%
40 Paraguay
82%
38 Sweden
82%
46 Democratic Republic of the Congo
80%
41 Czech Republic
77%
34 Ivory Coast
74%
No matching quizzes found
Score Distribution
Percent of People with Each Score
Percentile by Number Answered
Your Score History
You have not taken this quiz